Central Library OPAC University of Rajshahi

A primer of public administration / (Record no. 5215)

MARC details
000 -LEADER
fixed length control field 00672nam a2200229 a 4500
001 - CONTROL NUMBER
control field 5215
003 - CONTROL NUMBER IDENTIFIER
rucl marc code BD-RjUL
005 - DATE AND TIME OF LATEST TRANSACTION
control field 20211208234029.0
008 - FIXED-LENGTH DATA ELEMENTS--GENERAL INFORMATION
fixed length control field 131224r19651950enk b 000 0 eng d
035 ## - SYSTEM CONTROL NUMBER
System control number (BD-RjUL)
040 ## - CATALOGING SOURCE
Original cataloging agency D2035
Language of cataloging eng
Transcribing agency D2035
Modifying agency ABN:1
041 ## - LANGUAGE CODE
Language code of text/sound track or separate title eng
082 04 - DEWEY DECIMAL CLASSIFICATION NUMBER
Classification number 350
Author mark and year FIP 1965
100 1# - MAIN ENTRY--PERSONAL NAME
Personal name Finer, S. E.
Fuller form of name (Samuel Edward),
Dates associated with a name 1915-
9 (RLIN) 16406
245 12 - TITLE STATEMENT
Title A primer of public administration /
Statement of responsibility, etc. by S.E. Finer.
260 ## - PUBLICATION, DISTRIBUTION, ETC. (IMPRINT)
Place of publication, distribution, etc. London :
Name of publisher, distributor, etc. Frederick Muller,
Date of publication, distribution, etc. 1950 [1965 printing].
300 ## - PHYSICAL DESCRIPTION
Pagination vii, 159p. ;
Size 19 cm.
490 0# - SERIES STATEMENT
Series statement Man and society series
504 ## - BIBLIOGRAPHY, ETC. NOTE
Bibliography, etc Bibliography: p.159-160.
650 #0 - SUBJECT ADDED ENTRY--TOPICAL TERM
Topical term or geographic name as entry element Public administration.
9 (RLIN) 16407
942 ## - ADDED ENTRY ELEMENTS (KOHA)
Source of classification or shelving scheme Dewey Decimal Classification
Koha item type Books
Holdings
Lost status Source of classification or shelving scheme Damaged status Not for loan Collection code Permanent Location Current Location Shelving location Date acquired Source of acquisition Cost, normal purchase price Total Checkouts Full call number Date last seen Copy number Koha item type
  Dewey Decimal Classification     Non-fiction Central Library, University of Rajshahi Central Library, University of Rajshahi   18/11/1970 Swet and Zuitlinger 12.60   350 FIP 1965 24/12/2013 C-4 Books
  Dewey Decimal Classification     Non-fiction Central Library, University of Rajshahi Central Library, University of Rajshahi   18/11/1970 Swits & Zillinger 12.60   350 FIP 1965 04/08/2016 C-2 Books
  Dewey Decimal Classification     Non-fiction Central Library, University of Rajshahi Central Library, University of Rajshahi   18/11/1970 Swits & Zillinger 12.60   350 FIP 1965 04/08/2016 C-3 Books
  Dewey Decimal Classification     Non-fiction Central Library, University of Rajshahi Central Library, University of Rajshahi   18/11/1970 Swits & Zillinger 12.60   350 FIP 1965 04/08/2016 C-5 Books
  Dewey Decimal Classification     Non-fiction Central Library, University of Rajshahi Central Library, University of Rajshahi   18/11/1970 Swits & Zillinger 12.60   350 FIP 1965 04/08/2016 C-6 Books
  Dewey Decimal Classification     Non-fiction Central Library, University of Rajshahi Central Library, University of Rajshahi   18/11/1970 Swits & Zillinger 12.60   350 FIP 1965 04/08/2016 C-7 Books
  Dewey Decimal Classification     Non-fiction Central Library, University of Rajshahi Central Library, University of Rajshahi   18/11/1970 Swits & Zillinger 12.60   350 FIP 1965 04/08/2016 C-8 Books
  Dewey Decimal Classification     Non-fiction Central Library, University of Rajshahi Central Library, University of Rajshahi   18/11/1970 Swits & Zillinger 12.60   350 FIP 1965 06/08/2016 C-9 Books
  Dewey Decimal Classification     Non-fiction Central Library, University of Rajshahi Central Library, University of Rajshahi   18/11/1970 Swits & Zillinger 12.60   350 FIP 1965 06/08/2016 C-10 Books
  Dewey Decimal Classification   Not For Loan Non-fiction Central Library, University of Rajshahi Central Library, University of Rajshahi Reading Room 18/11/1970 Sweets ana Zait. 12.60   350 FIP 1965 22/01/2017 C-1 Books